00305nam a22001217a 4500003000400000020001800004082002000022100002600042245003800068260004800106300001000154650001900164SGT a9788181914774 a6116.0707bO17B a BIRADAR, VIJAY KUMAR aOral Pathology Examination Target aDelhi India bParas Medical Publisherc2017 a1-242 aOral Pathology